000 01676nam0a2200337 4500
001 RU\NLR\bibl\850532
005 20260405082941.0
021 _aRU
_b2005-25258
_91276
035 _a(NLR Aleph) 000839283
090 _a1410134
_c1410134
100 _a20051010d2005 |||y0rusy50 ca
101 0 _arus
_deng
102 _aRU
105 _aa |||||||||
200 1 _aМоделирование реакций перезарядки (3He, 3H), (3H, 3He) с учетом возбуждения -изобары
_fЛ.В. Краснов, А.В. Чемезов
210 _aГатчина
_cПИЯФ
_d2005
215 _a12 с.
_cил.
_d20
225 1 _aПрепринт
_fРос. акад. наук, Петербург. ин-т ядер. физики им. Б.П. Константинова
_v2602
300 _aРез. на англ. яз.
320 _aБиблиогр.: с. 12 (6 назв.)
606 1 _aВодород
_xМезоатомы
_xПерезарядка на ядерных мишенях
_92395791
_3RU\NLR\auth\661428446
606 1 _aГелий
_xАтомное ядро
_xПерезарядка на ядерных мишенях
_92395794
_3RU\NLR\auth\661428447
686 _aВ383.23
700 1 _4070
_8rus
_7ca
_aКраснов
_bЛ. В.
_cд-р физ.-мат. наук
_gЛеонид Васильевич
_3RU\NLR\AUTH\7729509
_912538
701 1 _4070
_7ca
_8rus
_aЧемезов
_bА. В.
_cканд. физ.-мат. наук, ядерная физика
_gАлексей Викторович
_9268492
_3RU\NLR\AUTH\770268548
801 0 _aRU
_bNLR
_c20051010
_grcr
801 1 _aRU
_bNLR
_c20051010
942 _cBOOK
980 _aNB